000 00576nam a2200145Ia 4500
008 100204s9999 xx 000 0 und d
082 _b14271
100 _aमहाजन शांताराम गजानन
245 _aव्दिबिंदु वर्गीकरण
260 _b"पुणे विद्यार्थी गृह प्रकाशन , पुणे"
_c1984 3
300 _a48
630 _aव्दिबिंदु वर्गीकरण
730 _aव्दिबिंदु वर्गीकरण
942 _cBOOK
999 _c458702
_d458699